书目信息 |
| 题名: |
世界历史
|
|
| 作者: | 余军 编辑 | |
| 分册: | ||
| 出版信息: | 北京 外语教学与研究出版社 2007.07 |
|
| 页数: | 91页 | |
| 开本: | 20cm | |
| 丛书名: | ||
| 单 册: | ||
| 中图分类: | H319.4 | |
| 科图分类: | ||
| 主题词: | 英语 | |
| 电子资源: | ||
| ISBN: | 978-7-5600-6022-4 | |
| 000 | 00654nam0 2200229 45 | |
| 001 | 0944492124 | |
| 005 | 20091030123219.25 | |
| 010 | @a978-7-5600-6022-4@dCNY12.00 | |
| 100 | @a20090515d2007 ekmy0 y0120 ea | |
| 102 | @aCN@b130000 | |
| 102 | @aCN@b110000 | |
| 105 | @ay z 000yy | |
| 200 | 1 | @a世界历史@e教师指导与评估手册@f余军编辑@Fyu jun bian ji |
| 210 | @a北京@c外语教学与研究出版社@d2007.07 | |
| 215 | @a91页@d20cm | |
| 517 | 1 | @a教师指导与评估手册@Ajiao shi zhi dao yu ping gu shou ce |
| 606 | 0 | @a英语 |
| 690 | @aH319.4@v4 | |
| 701 | 0 | @a余军@Ayu jun@4编辑 |
| 801 | 0 | @aCN@c20091030 |
| 905 | @a10447@dH319.4@eM535 | |
| 906 | @d12@n3@r1 | |
| 世界历史:教师指导与评估手册/余军编辑.-北京:外语教学与研究出版社,2007.07 |
| 91页;20cm |
| ISBN 978-7-5600-6022-4:CNY12.00 |
| ● |
| 相关链接 |
|
|
|
正题名:世界历史
索取号:H319.4/M535
 
预约/预借
| 序号 | 登录号 | 条形码 | 馆藏地/架位号 | 状态 | 备注 |
| 1 | 897018 | 208970185 | 语言库209/209语言库 47排3列5层/ [索取号:H319.4/M535] | 在馆 | |
| 2 | 897019 | 208970194 | 语言库209/209语言库 47排3列5层/ [索取号:H319.4/M535] | 在馆 | |
| 3 | 897020 | 208970201 | 语言库209/209语言库 47排3列5层/ [索取号:H319.4/M535] | 在馆 |